| 000 | 02969 a2200265 4500 | ||
|---|---|---|---|
| 003 | NALT | ||
| 005 | 20251219085324.0 | ||
| 008 | 220919b th ||||| |||| 00| 0 tha d | ||
| 020 | _a9786164550797 | ||
| 040 | _aNALT | ||
| 090 |
_aKT 43 _bว599ว 2561 ล.2 |
||
| 100 | 0 |
_aวิเชียร ดิเรกอุดมศักดิ์ _912280 |
|
| 245 | 1 | 0 |
_aวิ.อาญาพิสดาร เล่ม 2 (ฉบับปรับปรุงใหม่ ปี 2561) / _cโดย วิเชียร ดิเรกอุดมศักดิ์ ; Jurisprudence Group. |
| 246 | 1 | 4 | _aกฎหมาย วิ.อาญาพิสดาร เล่ม 2 (ฉบับปรับปรุงใหม่ ปี 2561) ประมวลกฎหมายวิธีพิจารณาความอาญา หลักกฎหมายและแนวคำพิพากษาศาลฎีกาตาม ป.วิ.อ. ภาค 3 และ ภาค 4. |
| 260 |
_aกรุงเทพฯ : _bแสงจันทร์การพิมพ์, _c2561. |
||
| 300 |
_a534 หน้า ; _c26 ซม. |
||
| 505 | 2 | _aการบรรยายฟ้อง -- การตรวจคำฟ้อง -- การไต่มูลสวนฟ้อง -- แก้ไขคำฟ้องคำให้การ -- โจทก์ไม่มาศาลตามกำหนดนัด -- คดีมีมูลให้ประทับฟ้อง -- คำสั่งมีมูลย่อมเด็ดขาด -- การเรียนสำนวนการสอบสวนมาในชั้นไต่สวนมูลฟ้อง -- การพิจารณาคดอาญาต้องกระทำโดยเปิดเผย -- การสืบพยานเด็ก -- การตั้งทนายให้จำเลย -- การตรวจพยานหลักฐานก่อนสืบพยาน -- โจทก์มีหน้าที่นำสืบก่อน -- จำเลยให้การรับสารภาพ -- การอ่านคำพิพากษา -- เหตุยกฟ้อง -- การแก้ไขคำพิพากษา -- คำพิพากษาต้องไม่เกินคำขอ -- อุทธรณ์ -- คดีที่ต้องห้ามอุทธรณ์ในปัญหาข้อเท็จจริง -- การรับรองอุทธรณ์. | |
| 650 | 4 |
_91089 _aวิธีพิจารณาความอาญา |
|
| 650 | 0 |
_aคำพิพากษาคดีอาญา _945134 |
|
| 650 | 0 |
_aวิธีพิจารณาความอาญา _zไทย _943807 |
|
| 710 | 2 |
_aJurisprudence Group _912278 |
|
| 850 | _aNALT | ||
| 942 |
_2local _cLB |
||
| 999 |
_c101344 _d101344 |
||
| 998 |
_j1020 _k นางจำเรียง ระวังสำโรง |
||